| 000 | 03652nam a22004817a 4500 | ||
|---|---|---|---|
| 001 | 13962748 | ||
| 003 | OSt | ||
| 005 | 20210420073222.0 | ||
| 008 | 050512r20062003nyuab b 001 0beng | ||
| 010 | _a 2005047230 | ||
| 020 | _a1400044561 | ||
| 040 |
_aeng _cDLC _deng |
||
| 041 | _aeng | ||
| 043 | _an-us--- | ||
| 050 | 0 | 0 |
_aE457 _b.C43 2006 |
| 080 |
_a92 _bC-21 |
||
| 082 | 0 | 0 |
_a973.7/092 _aB _222 |
| 100 | 1 | _aCarwardine, Richard. | |
| 245 | 1 | 0 |
_aLincoln : _ba life of purpose and power / _cRichard Carwardine. |
| 250 | _a1st American ed. | ||
| 260 |
_aNew York : _bAlfred A. Knopf, _c2006. |
||
| 300 |
_axv, 394 p. : _bill., maps ; _c25 cm. |
||
| 365 | _b27.50 usd | ||
| 500 | _aOriginally published: London : Pearson Education, 2003. | ||
| 504 | _aIncludes bibliographical references (p. [327]-360) and index. | ||
| 505 | 0 | _a1. Inner power : Lincoln's ambition and political vision, 1809-54 -- Ambition -- Political vision -- Moral crisis : 1854 -- The religious roots of moral power -- 2. The power of opinion : Lincoln : the Illinois public and the new political order, 1854-58 -- Lincoln, democratic politics and public opinion -- Illinois public opinion and the anti-Nebraska fusion movement -- The senatorial campaign of 1858 -- 3. The power of party : winning the presidency, 1858-60 -- Presidential ambition : Lincoln, his party and the road to the Decatur convention -- The Republican presidential nomination -- The 1860 presidential campaign : the power of a righteous party -- 4. Confronting the limits of power : from president-elect to war president, 1860-61 -- In the antechamber to power : holding the party line -- From Springfield to Sumter : building a united front -- Strategies for 'a people's war' -- 'What shall I do? The people are impatient...' -- 5. The purposes of power : evolving objectives, 1861-65 -- Reading the public -- 'Every indispensable means' : toward the Emancipation Proclamation -- Faith and purposes -- Faithfulness of purpose : emancipation, reconstruction and black citizenship -- 6. The instruments of power : coercion and voluntary mobilization, 1861-65 -- Coercion, repression and executive power -- Popular mobilization : the 'power of the right word' and the agency of party -- Popular mobilization : churches and philanthropic organizations -- The Union army as a moral force -- The election of 1864 : 'the second birth of our nation' -- 7. Conclusion : power in death -- Chronology of Lincoln's life. | |
| 600 | 1 | 0 |
_aLincoln, Abraham, _d1809-1865. |
| 650 | 0 |
_aPresidents _zUnited States _vBiography. |
|
| 650 | 0 |
_aBiography _9237 |
|
| 651 | 0 |
_aUnited States _xHistory _yCivil War, 1861-1865. |
|
| 651 | 0 |
_aUnited States _xPolitics and government _y1861-1865. |
|
| 651 | 0 |
_aUnited States _xPolitics and government _y1815-1861. |
|
| 653 | _aბიოგრაფია | ||
| 653 | _aისტორია | ||
| 653 | _aამერიკის შეერთებული შტატების პრეზიდენტები | ||
| 856 | 4 | 2 |
_3Contributor biographical information _uhttp://www.loc.gov/catdir/enhancements/fy0624/2005047230-b.html |
| 856 | 4 | 2 |
_3Publisher description _uhttp://www.loc.gov/catdir/enhancements/fy0624/2005047230-d.html |
| 856 | 4 | 1 |
_3Sample text _uhttp://www.loc.gov/catdir/enhancements/fy0624/2005047230-s.html |
| 856 | 4 | 1 |
_3Table of contents only _uhttp://www.loc.gov/catdir/enhancements/fy0624/2005047230-t.html |
| 906 |
_a7 _bcbc _corignew _d1 _eocip _f20 _gy-gencatlg |
||
| 942 |
_2udc _cBK _e1 |
||
| 999 |
_c526 _d526 |
||